Disney's the Hunchback of Notre Dame : (Record no. 2180)

MARC details
000 -LEADER
fixed length control field 01223nam a2200361 a 4500
001 - CONTROL NUMBER
control field 2180
003 - CONTROL NUMBER IDENTIFIER
control field FISKH
005 - DATE AND TIME OF LATEST TRANSACTION
control field 20231108133114.0
008 - FIXED-LENGTH DATA ELEMENTS--GENERAL INFORMATION
fixed length control field 960313s1996 wiua a 000 1 eng
010 ## - LIBRARY OF CONGRESS CONTROL NUMBER
LC control number 95081200
020 ## - INTERNATIONAL STANDARD BOOK NUMBER
International Standard Book Number 0307302997
020 ## - INTERNATIONAL STANDARD BOOK NUMBER
International Standard Book Number 033500987649
040 ## - CATALOGING SOURCE
Original cataloging agency DLC
Transcribing agency DLC
Language of cataloging eng
042 ## - AUTHENTICATION CODE
Authentication code lcac
050 00 - LIBRARY OF CONGRESS CALL NUMBER
Classification number PZ7.K83692
Item number Din 1996
082 00 - DEWEY DECIMAL CLASSIFICATION NUMBER
Classification number 394
Edition number 21
100 1# - MAIN ENTRY--PERSONAL NAME
Personal name Korman, Justine.
245 10 - TITLE STATEMENT
Title Disney's the Hunchback of Notre Dame :
Remainder of title Quasimodo's new friend /
Statement of responsibility, etc. by Justine Korman ; illustrated by Serge Michaels and Edward Gutierrez.
260 ## - PUBLICATION, DISTRIBUTION, ETC.
Place of publication, distribution, etc. Racine :
Name of publisher, distributor, etc. Western,
Date of publication, distribution, etc. 1996.
300 ## - PHYSICAL DESCRIPTION
Extent 24 unnumbered pages :
Other physical details color illustrations ;
Dimensions 21 cm.
490 0# - SERIES STATEMENT
Series statement A little golden book
500 ## - GENERAL NOTE
General note "Golden books."
505 ## - FORMATTED CONTENTS NOTE
Formatted contents note O<br/>
520 ## - SUMMARY, ETC.
Summary, etc. Quasimodo, bell ringer of Notre Dame, makes a new friend when he takes in a kitten being chased by dogs.<br/>
521 8# - TARGET AUDIENCE NOTE
Target audience note 640<br/>
Source Lexile estimate<br/>
521 8# - TARGET AUDIENCE NOTE
Target audience note O<br/>
Source Raz-Plus<br/>
610 21 - SUBJECT ADDED ENTRY--CORPORATE NAME
Corporate name or jurisdiction name as entry element Notre-Dame de Paris (Cathedral)
General subdivision Fiction.
650 #1 - SUBJECT ADDED ENTRY--TOPICAL TERM
Topical term or geographic name entry element Cats
General subdivision Fiction.
700 1# - ADDED ENTRY--PERSONAL NAME
Personal name Michaels, Serge,
Relator term illustrator
700 1# - ADDED ENTRY--PERSONAL NAME
Personal name Gutierrez, Edward R.,
Relator term illustrator
906 ## - LOCAL DATA ELEMENT F, LDF (RLIN)
a 7
b cbc
c orignew
d 2
e opcn
f 19
g y-gencatlg
942 ## - ADDED ENTRY ELEMENTS (KOHA)
Source of classification or shelving scheme Dewey Decimal Classification
Koha item type Books
Suppress in OPAC No
Holdings
Withdrawn status Lost status Source of classification or shelving scheme Damaged status Not for loan Collection Home library Current library Shelving location Date acquired Total Checkouts Full call number Barcode Date last seen Price effective from Koha item type
    Dewey Decimal Classification     Juvenile Fiction Footprints International School Library Network Toul Kork Campus Footprints International School Library Network Toul Kork Campus TK Primary Library Room(4th Floor), Bookcase 3&4, Shelves 17-32, Yellow Books 11/08/2023   KOR 394 PZ7.K83692 FISBK00211 11/08/2023 11/08/2023 Books